000 01933nam a2200493 i 4500
001 30352
003 KOSZ 005
005 20201008094115.0
008 970510s1994 pl a f |000 0 pol
015 _aUWD 1995/4052
020 _a8385949526
035 _a991000035499705066
035 _a(PL-WaBN)b10035801-48omnis_nlop
035 _ab10035801
035 _a(OCoLC)751526492
035 _a(PL)b0000001003580
035 _a(EXLNZ-48OMNIS_NETWORK)9910330158905606
040 _aWA N
_cWA N
_dKOSZ 005/EG
041 _apol
046 _k1994
080 _a504
080 _a(438)
245 0 0 _aRaport o stanie środowiska w województwie białostockim w 1993 roku /
_c[oprac. pod kier. Marka Kędzierzawskiego, Aleksandra Biesiackiego] ; Państwowa Inspekcja Ochrony Środowiska, Wojewódzki Inspektorat Ochrony Środowiska w Białymstoku, Wydział Ochrony Środowiska Urzędu Wojewódzkiego w Białymstoku.
260 _aBiałystok ; [Warszawa] :
_bWIOŚ : PIOŚ,
_c1994.
300 _a115 s., [24] k. tabl. kolor. :
_bfot., mapy, rys., wykr., err. ;
_c25 cm.
336 _aTekst
_btxt
_2rdacontent
337 _aBez urządzenia pośredniczącego
_bn
_2rdamedia
338 _aWolumin
_bnc
_2rdacarrier
380 _aKsiążki
388 _a1901-2000
388 _a1989-2000
490 1 _aBiblioteka Monitoringu Środowiska
504 _aBibliogr. s. 114.
650 7 _aŚrodowisko człowieka
651 7 _aBiałystok (woj. podlaskie ; okręg)
_2DBN
658 _aOchrona środowiska
700 1 _aBiesiacki, Aleksander
_eOpracowanie
700 1 _aKędzierzawski, Marek
_eOpracowanie
710 2 _aPaństwowa Inspekcja Ochrony Środowiska
_4pbl
830 0 _aBiblioteka Monitoringu Środowiska
856 _uhttp://koha.tu.koszalin.pl/cgi-bin/koha/opac-detail.pl?biblionumber=30352
_yKatalog online BPK
942 _2UKD
_cKS
999 _c30352
_d30352